Central and eastern Europe in the changing business environment <the> proceedings of the 17th international joint conference : may 26, 2017, Prague, Czech Republic and Bratislava, Slovak Republic

Guardado en:
Detalles Bibliográficos
Autores Corporativos: Central and eastern Europe in the changing business environment. International joint conference, Fakulta mezinárodních vztahů VŠE v Praze. Katedra mezinárodního obchodu, Fakulta podnikohospodářská VŠE v Praze. Katedra marketingu, Obchodná fakulta EU. Katedra marketingu, Obchodná fakulta EU. Katedra medzinárodného obchodu
Otros Autores: Krnáčová, Paulína, 1983-, Baláž, Peter, Bolotov, Ilya
Formato: Libro
Lenguaje:inglés
Publicado: Bratislava Vydavateľstvo EKONÓM 2017
Edición:1st ed.
Materias:
Etiquetas: Agregar Etiqueta
Sin Etiquetas, Sea el primero en etiquetar este registro!

MARC

LEADER 00000nam a2200000 4500
001 0231380
005 20240502073803.6
020 |a 978-80-225-4385-9 
022 |a 2453-6113 
041 0 |a eng 
044 |a SK 
245 1 0 |a Central and eastern Europe in the changing business environment  |b <the> proceedings of the 17th international joint conference : may 26, 2017, Prague, Czech Republic and Bratislava, Slovak Republic  |c compiled by: Paulína Krnáčová 
250 |a 1st ed. 
264 1 |a Bratislava  |b Vydavateľstvo EKONÓM  |c 2017 
300 |a 289 s. [14,45 AH] 
610 2 0 |a stredná Európa 
610 2 0 |a východná Európa 
610 2 0 |a prostredie podnikateľské 
610 2 0 |a marketing medzinárodný 
610 2 0 |a obchod medzinárodný 
610 2 0 |a financie medzinárodné 
610 2 0 |a podnikanie medzinárodné 
610 2 0 |a BRICS 
610 2 0 |a politika energetická 
610 2 0 |a dane 
610 2 0 |a poisťovníctvo 
610 2 0 |a financie 
610 2 0 |a poľnohospodárstvo 
610 2 0 |a rozvoj trvalo udržateľný 
610 2 0 |a kríza finančná 
610 2 0 |a bankovníctvo 
700 1 |a Krnáčová, Paulína, 1983- 
700 1 |a Baláž, Peter 
700 1 |a Bolotov, Ilya 
110 2 |a Central and eastern Europe in the changing business environment. International joint conference 
710 2 |a Fakulta mezinárodních vztahů VŠE v Praze. Katedra mezinárodního obchodu 
710 2 |a Fakulta podnikohospodářská VŠE v Praze. Katedra marketingu 
710 2 |a Obchodná fakulta EU. Katedra marketingu 
710 2 |a Obchodná fakulta EU. Katedra medzinárodného obchodu